000 00760nam a2200205 i 4500
001 169821
003 ES-MaACL
005 20230906214215.0
008 081203s2002 sp a c |||| | spa d
020 _a84-95835-11-8
080 _a75 Codina, Josep M. (083.824)
100 1 _aCodina, Josep M.
_9138980
245 1 0 _aJosep M. Codina
_b: del 9 de maig al 16 de juny de 2002, Museu d'Art Modern, Tarragona.
260 _aTarragona :
_bMuseu d'Art Modern de la Diputació de Tarragona,
_c[2002]
300 _a[32] p. :
_bprincipalmente il. ;
_c15 cm.
594 _aTextos en castellano, catalán, alemán e inglés.
600 1 4 _aCodina, Josep M.-
_vExposiciones.
_9163466
710 2 _aMuseu d'Art Modern (Tarragona)
_95935
852 _aES-MaACL
_j2239-F-12
999 _c169821
_d169821